01196cam a22003497i 450000100090000000300050000900500170001400800410003101000170007202000180008902000150010702500230012203700610014504000230020604200100022905000210023906600110026008200180027110000380028924500610032726400600038830000230044833600260047133700280049733800270052550000190055254600130057165000200058488000500060488000950065488000970074918508261NUST20170726124233.0150227s2014 pk 000 1 urd  a 2015327063 a9789693527674 a9693527674 aP-U-2015327063; 10 bLibrary of Congress -- Islamabad Overseas OfficecRs 500 aDLCbengerdacDLC alcode00aMLCSA 2015/01184 c(3c(4 a891.4393bBEL1 6880-01aBelā, Abdāl,eauthor.106880-02aRang pichkārī :bafsāne /cAbdāl Belā. 16880-03aLāhore :bSang-i Mīl Pablīkeshanz,c1994. a233 pages ;c22 cm atextbtxt2rdacontent aunmediatedbn2rdamedia avolumebnc2rdacarrier aShort stories. aIn Urdu. aUrdu Literature1 6100-01/(3/r‏a‏بيلا، ابدال،‏106245-02/(3/r‏a‏رنگ پچکارى :‏b‏افسانے /‏c‏ابدال بيلا. 16264-03/(3/r‏a‏لاهور :‏b‏سنگ ميل پبليکيشنز،‏c‏‪1994‬.